Welcome to WEB OPAC of MRSPTU Central Library

Weaving conversion of yarn to fabric (Record no. 5484)

MARC details
000 -LEADER
fixed length control field 00448nam a2200181Ia 4500
008 - FIXED-LENGTH DATA ELEMENTS--GENERAL INFORMATION
fixed length control field 230711s9999||||xx |||||||||||||| ||und||
020 ## - INTERNATIONAL STANDARD BOOK NUMBER
International Standard Book Number 1-85573-483-4
041 ## - LANGUAGE CODE
Language code of text/sound track or separate title ENG
082 ## - DEWEY DECIMAL CLASSIFICATION NUMBER
Classification number 677
Item number LO-W
100 ## - MAIN ENTRY--PERSONAL NAME
Personal name Lord,P.R
245 #0 - TITLE STATEMENT
Title Weaving conversion of yarn to fabric
250 ## - EDITION STATEMENT
Edition statement 1st Ed.
260 ## - PUBLICATION, DISTRIBUTION, ETC.
Date of publication, distribution, etc. 2001
Place of publication, distribution, etc. New Delhi
Name of publisher, distributor, etc. Woodhead Publishing Pvt Ltd
300 ## - PHYSICAL DESCRIPTION
Extent 394
650 ## - SUBJECT ADDED ENTRY--TOPICAL TERM
Topical term or geographic name entry element Textile Engineering
700 ## - ADDED ENTRY--PERSONAL NAME
Personal name Mohamed,M.H
942 ## - ADDED ENTRY ELEMENTS (KOHA)
Koha item type Book
Holdings
Withdrawn status Lost status Damaged status Not for loan Collection Home library Current library Date acquired Total checkouts Full call number Barcode Date last seen Date last checked out Price effective from Koha item type
          MRSPTU Central Library MRSPTU Central Library   1 677 LO-W 20978 12/02/2024 11/04/2024 08/17/2023 Book
          MRSPTU Central Library MRSPTU Central Library     677 LO-W 12001 08/17/2023   08/17/2023 Book
          MRSPTU Central Library MRSPTU Central Library     677 LO-W 20979 08/17/2023   08/17/2023 Book
          MRSPTU Central Library MRSPTU Central Library     677 LO-W 20980 08/17/2023   08/17/2023 Book
          MRSPTU Central Library MRSPTU Central Library     677 LO-W 20981 08/17/2023   08/17/2023 Book
          MRSPTU Central Library MRSPTU Central Library   1 677 LO-W 20982 11/03/2023 11/02/2023 08/17/2023 Book
          MRSPTU Central Library MRSPTU Central Library   1 677 LO-W 20983 09/20/2023 08/31/2023 08/17/2023 Book
          MRSPTU Central Library MRSPTU Central Library     677 LO-W 20984 08/17/2023   08/17/2023 Book
          MRSPTU Central Library MRSPTU Central Library     677 LO-W 20985 08/17/2023   08/17/2023 Book
          MRSPTU Central Library MRSPTU Central Library     677 LO-W 20986 08/17/2023   08/17/2023 Book
          MRSPTU Central Library MRSPTU Central Library     677 LO-W 20987 08/17/2023   08/17/2023 Book
          MRSPTU Central Library MRSPTU Central Library     677 LO-W 20988 08/17/2023   08/17/2023 Book
          MRSPTU Central Library MRSPTU Central Library     677 LO-W 20989 08/17/2023   08/17/2023 Book

Website Designed and Developed by MRSPTU Central Library Team

E-mail Id: librarian@mrsptu.ac.in